[Event "Agzamov Memorial 16th"]
[Site "Tashkent"]
[Date "2023.04.05"]
[Round "1"]
[White "Abdisalimov, Abdimalik"]
[Black "Shamsuddin, Sayyid Usmon"]
[Result "1-0"]
[WhiteElo "2494"]
[BlackElo "2040"]
[PlyCount "63"]
[EventDate "2023.04.05"]
[EventType "swiss"]
[EventRounds "10"]
[EventCountry "UZB"]
[SourceTitle "CBM 213 Extra"]
[Source "ChessBase"]
[SourceDate "2023.05.31"]
[SourceVersion "1"]
[SourceVersionDate "2023.05.31"]
[SourceQuality "1"]

1. d4 Nf6 2. c4 g6 3. Nc3 d5 4. Bf4 Bg7 5. e3 0-0 6. Rc1 c6 7. Bd3 a6 8. Nf3 Nbd7 9. cxd5 cxd5 10. 0-0 b5 11. a4 b4 12. Na2 a5 13. Bc7 Qe8 14. Bb5 Ba6 15. Qd3 Bxb5 16. Qxb5 Nb8 17. Qxe8 Nxe8 18. Bg3 Nd7 19. Rc6 Nef6 20. Nd2 Ne4 21. Nxe4 dxe4 22. Bc7 Rfc8 23. Rfc1 e6 24. R1c4 Bf6 25. Nc1 Bd8 26. Nb3 Bxc7 27. Rxc7 Rd8 28. Rb7 Rab8 29. Nxa5 Ra8 30. Nc6 Rxa4 31. g4 Ra1+ 32. Kg2 1-0

[Event "Krakow op-B 33rd"]
[Site "Krakow"]
[Date "2023.01.02"]
[Round "6"]
[White "Gradalski, Olaf"]
[Black "Shamsuddin, Sayyid Usmon"]
[Result "1-0"]
[WhiteElo "2079"]
[BlackElo "1811"]
[PlyCount "105"]
[EventDate "2022.12.27"]
[EventType "swiss"]
[EventRounds "9"]
[EventCountry "POL"]
[SourceTitle "CBM 212 Extra"]
[Source "ChessBase"]
[SourceDate "2023.03.31"]
[SourceVersion "1"]
[SourceVersionDate "2023.03.31"]
[SourceQuality "1"]

1. d4 Nf6 2. c4 g6 3. Nc3 Bg7 4. e4 d6 5. h3 0-0 6. Be3 e5 7. d5 a5 8. g4 Na6 9. Nge2 c6 10. f3 Nc5 11. Ng3 cxd5 12. cxd5 a4 13. Qd2 Qa5 14. Nb5 Ne8 15. Rc1 Qxd2+ 16. Kxd2 b6 17. Na3 f5 18. Bb5 f4 19. Bxc5 bxc5 20. Ne2 Ba6 21. Nc3 Bxb5 22. Naxb5 Bf6 23. b3 a3 24. Na4 Bh4 25. Ke2 Kf7 26. Nxa3 Nc7 27. Rc4 Rfb8 28. Rhc1 h5 29. Nc2 Nb5 30. Nc3 Nxc3+ 31. Rxc3 Rxa2 32. Ra1 Rxa1 33. Nxa1 hxg4 34. hxg4 Bd8 35. Rc4 Ba5 36. Kd3 Kf6 37. Ra4 Rb5 38. Kc4 Rb4+ 39. Rxb4 Bxb4 40. Nc2 Kg5 41. Nxb4 cxb4 42. Kb5 Kh4 43. Kc6 Kg3 44. Kxd6 Kxf3 45. Kxe5 Kxg4 46. d6 f3 47. d7 f2 48. d8Q f1Q 49. Qd7+ Kg3 50. Qd2 Qb5+ 51. Qd5 Qe2 52. Kf6 Qh5 53. Qg5+ 1-0

[Event "Krakow op-B 33rd"]
[Site "Krakow"]
[Date "2023.01.02"]
[Round "7"]
[White "Kulesza, Andrzej"]
[Black "Shamsuddin, Sayyid Usmon"]
[Result "1/2-1/2"]
[WhiteElo "2053"]
[BlackElo "1811"]
[PlyCount "69"]
[EventDate "2022.12.27"]
[EventType "swiss"]
[EventRounds "9"]
[EventCountry "POL"]
[SourceTitle "CBM 212 Extra"]
[Source "ChessBase"]
[SourceDate "2023.03.31"]
[SourceVersion "1"]
[SourceVersionDate "2023.03.31"]
[SourceQuality "1"]

1. e4 c5 2. Nf3 Nc6 3. d4 cxd4 4. Nxd4 Nf6 5. Nc3 g6 6. Be3 d6 7. f3 Bg7 8. Qd2 0-0 9. Bc4 Bd7 10. Bb3 Nxd4 11. Bxd4 b5 12. a4 bxa4 13. Bxa4 a5 14. Bxd7 Nxd7 15. Bxg7 Kxg7 16. 0-0 Nb6 17. b3 Qc7 18. Na4 Nd7 19. Ra2 Rfc8 20. Rfa1 Kg8 21. Kh1 Qc6 22. c4 Rcb8 23. Ra3 Nc5 24. Nxc5 Qxc5 25. Qc3 Rb4 26. h3 Qb6 27. Re1 a4 28. bxa4 Raxa4 29. Rxa4 Rxa4 30. e5 Qa5 31. Qxa5 Rxa5 32. exd6 exd6 33. Rd1 Ra4 34. Rxd6 Rxc4 35. Kh2 1/2-1/2

[Event "Eastern Asia-ch U12"]
[Site "Tornelo INT"]
[Date "2021.10.30"]
[Round "5"]
[White "Lam, Duc Hai Nam"]
[Black "Shamsuddin, Sayyid Usmon"]
[Result "1/2-1/2"]
[WhiteElo "1337"]
[BlackElo "1521"]
[PlyCount "88"]
[EventDate "2021.10.29"]
[EventType "swiss"]
[EventRounds "9"]
[EventCountry "NET"]
[SourceTitle "EXT 2023"]
[Source "ChessBase"]
[SourceDate "2022.10.05"]
[SourceVersion "1"]
[SourceVersionDate "2022.10.05"]
[SourceQuality "1"]

1. d4 Nf6 2. c4 g6 3. Nc3 Bg7 4. e4 d6 5. f3 0-0 6. Be3 Nc6 7. Nge2 a6 8. Qd2 Na5 9. Nc1 b5 10. cxb5 axb5 11. Bxb5 c6 12. Bd3 Ba6 13. Bxa6 Rxa6 14. b3 Nd7 15. 0-0 c5 16. N1e2 cxd4 17. Bxd4 Nc6 18. Bxg7 Kxg7 19. Nd5 e6 20. Ndc3 Nc5 21. Rfd1 Ne5 22. Qd4 Qf6 23. b4 Ncd7 24. f4 Ng4 25. h3 Qxd4+ 26. Nxd4 Ne3 27. Re1 e5 28. fxe5 dxe5 29. Rxe3 exd4 30. Rd3 dxc3 31. Rxd7 Re8 32. Rc7 Rxe4 33. b5 Ra5 34. b6 Rb4 35. Rxc3 Rxb6 36. a4 Rb4 37. Rca3 h5 38. R1a2 h4 39. Kh2 Kh6 40. Ra1 f5 41. R1a2 Kh5 42. Ra1 g5 43. R1a2 g4 44. hxg4+ fxg4 1/2-1/2

[Event "Eastern Asia-ch U12"]
[Site "Tornelo INT"]
[Date "2021.10.29"]
[Round "2"]
[White "Shamsuddin, Sayyid Usmon"]
[Black "Yong, Je Pin Ian"]
[Result "1-0"]
[WhiteElo "1521"]
[BlackElo "1235"]
[PlyCount "95"]
[EventDate "2021.10.29"]
[EventType "swiss"]
[EventRounds "9"]
[EventCountry "NET"]
[SourceTitle "EXT 2023"]
[Source "ChessBase"]
[SourceDate "2022.10.05"]
[SourceVersion "1"]
[SourceVersionDate "2022.10.05"]
[SourceQuality "1"]

1. e4 e5 2. Nf3 Nc6 3. Bb5 a6 4. Bxc6 bxc6 5. d4 exd4 6. Nxd4 Be7 7. 0-0 Nf6 8. e5 Nd5 9. c4 Nb6 10. Nf5 0-0 11. Qg4 g6 12. Bh6 Re8 13. Nc3 d6 14. Nxe7+ Qxe7 15. exd6 Bxg4 16. dxe7 Rxe7 17. f3 Bf5 18. b3 f6 19. g4 Bd3 20. Rfe1 Rae8 21. Rxe7 Rxe7 22. Rd1 Bc2 23. Rd2 Bb1 24. Rd8+ Kf7 25. Rf8+ Ke6 26. Nxb1 Ke5 27. Be3 c5 28. Bxc5 Rd7 29. Nc3 Rd3 30. Ne2 f5 31. g5 f4 32. Rxf4 Rd1+ 33. Kf2 Rh1 34. Re4+ Kf5 35. Ng3+ Kxg5 36. Be7+ Kh6 37. Bf8+ Kg5 38. Nxh1 Nd7 39. Be7+ Kh6 40. Kg3 Nb8 41. Bf8+ Kg5 42. Rf4 Nd7 43. h4+ Kh5 44. Bg7 Nc5 45. Kh3 g5 46. Rf5 Ne6 47. Rf6 Nxg7 48. Ng3# 1-0

[Event "Moscow Botvinnik Cup"]
[Site "Moscow"]
[Date "2021.08.23"]
[Round "8"]
[White "Testelecs Kuprijans, Ilja"]
[Black "Shamsuddin, Sayyid Usmon"]
[Result "0-1"]
[WhiteElo "1261"]
[BlackElo "1434"]
[PlyCount "110"]
[EventDate "2021.08.19"]
[EventType "tourn"]
[EventRounds "9"]
[EventCountry "RUS"]
[SourceTitle "CBM 204 Extra"]
[Source "ChessBase"]
[SourceDate "2021.11.30"]
[SourceVersion "1"]
[SourceVersionDate "2021.11.30"]
[SourceQuality "1"]

1. e4 e5 2. Nf3 Nc6 3. Bc4 Bc5 4. 0-0 Nf6 5. d3 d6 6. c3 Qe7 7. b4 Bb6 8. a4 a6 9. Na3 Bg4 10. Qe2 0-0 11. Be3 Bxe3 12. Qxe3 Qd7 13. Bb3 h6 14. Nc2 Rae8 15. Nh4 d5 16. h3 Be6 17. exd5 Nxd5 18. Bxd5 Qxd5 19. c4 Qd7 20. Rfd1 Nd4 21. Nxd4 exd4 22. Qg3 b6 23. Nf3 f6 24. Qf4 Rd8 25. Re1 Qd6 26. Qxd6 Rxd6 27. Rad1 Kf7 28. Re4 c5 29. bxc5 bxc5 30. Rb1 Re8 31. Rf4 Bd7 32. Rb7 g5 33. Rf5 Rc8 34. Ne5+ Ke6 35. Rxd7 Rxd7 36. Nxd7 Kxf5 37. Nb6 Rd8 38. a5 Ke6 39. g4 f5 40. Kg2 fxg4 41. hxg4 Kd6 42. Kf3 Re8 43. Nd5 Re1 44. Nf6 Ra1 45. Ng8 Rxa5 46. Nxh6 Ke6 47. Nf5 Ra3 48. Ke2 Ra2+ 49. Ke1 a5 50. Ng3 a4 51. Ne4 a3 52. Nxc5+ Ke7 53. Nb3 Rb2 54. Nc1 a2 55. Nxa2 Rxa2 0-1

[Event "Moscow Botvinnik Cup"]
[Site "Moscow"]
[Date "2021.08.22"]
[Round "7"]
[White "Shamsuddin, Sayyid Usmon"]
[Black "Sapenov, Daniyal"]
[Result "1/2-1/2"]
[WhiteElo "1434"]
[BlackElo "2215"]
[PlyCount "100"]
[EventDate "2021.08.19"]
[EventType "tourn"]
[EventRounds "9"]
[EventCountry "RUS"]
[SourceTitle "CBM 204 Extra"]
[Source "ChessBase"]
[SourceDate "2021.11.30"]
[SourceVersion "1"]
[SourceVersionDate "2021.11.30"]
[SourceQuality "1"]

1. e4 c6 2. d4 d5 3. exd5 cxd5 4. Bd3 Nc6 5. c3 Nf6 6. Bf4 g6 7. Nf3 Bf5 8. 0-0 Bxd3 9. Qxd3 Bg7 10. h3 0-0 11. Nbd2 e6 12. Ne5 Rc8 13. Rae1 Nd7 14. Ndf3 Ndxe5 15. Nxe5 a6 16. Qe3 Nxe5 17. Bxe5 Rc6 18. Bxg7 Kxg7 19. f4 h5 20. Qg3 Kh7 21. Qf3 b5 22. g4 hxg4 23. hxg4 Kg7 24. Kg2 Qd7 25. Rh1 Rcc8 26. Rh3 Rh8 27. Reh1 Rcg8 28. g5 Rxh3 29. Qxh3 Kf8 30. Qe3 Qd6 31. Rh7 Ke7 32. Kg3 Qb8 33. Qf2 Rh8 34. Rxh8 Qxh8 35. Qh2 Qb8 36. Qe2 Kd7 37. Qe5 Qd8 38. Qg7 Qe8 39. Qe5 Kc6 40. a3 a5 41. Kf2 Qc8 42. Qg7 Qc7 43. Qe5 Qb7 44. Qh8 Qc7 45. Ke3 Kb7 46. Qf8 Kb6 47. Qe8 Ka6 48. Qa8+ Kb6 49. Qf8 Kb7 50. Qc5 Qd7 1/2-1/2

[Event "Moscow Botvinnik Cup"]
[Site "Moscow"]
[Date "2021.08.22"]
[Round "6"]
[White "Zverev, Lev"]
[Black "Shamsuddin, Sayyid Usmon"]
[Result "1-0"]
[WhiteElo "1927"]
[BlackElo "1434"]
[PlyCount "67"]
[EventDate "2021.08.19"]
[EventType "tourn"]
[EventRounds "9"]
[EventCountry "RUS"]
[SourceTitle "CBM 204 Extra"]
[Source "ChessBase"]
[SourceDate "2021.11.30"]
[SourceVersion "1"]
[SourceVersionDate "2021.11.30"]
[SourceQuality "1"]

1. e4 c5 2. Nf3 Nc6 3. d4 cxd4 4. Nxd4 Nf6 5. Nc3 g6 6. Be3 Bg7 7. Bc4 0-0 8. Bb3 d6 9. f3 Bd7 10. h4 h5 11. Qd2 Rc8 12. 0-0-0 Nxd4 13. Bxd4 b5 14. g4 e6 15. gxh5 Nxh5 16. Bxg7 Kxg7 17. Qxd6 Bc6 18. Nxb5 Bxb5 19. Qe5+ Qf6 20. Qxb5 Qxf3 21. Rde1 Nf4 22. Kb1 Ng2 23. Reg1 Ne3 24. h5 Qxe4 25. hxg6 fxg6 26. Qd7+ Kf6 27. Rh6 Ng4 28. Rh4 Rcd8 29. Rf1+ Kg5 30. Qe7+ Rf6 31. Rxg4+ Kxg4 32. Qxf6 Qf5 33. Rg1+ Kf3 34. Qxd8 1-0

[Event "Moscow Botvinnik Cup"]
[Site "Moscow"]
[Date "2021.08.20"]
[Round "2"]
[White "Shamsuddin, Sayyid Usmon"]
[Black "Gasparyan, Erik R"]
[Result "1/2-1/2"]
[WhiteElo "1434"]
[BlackElo "1754"]
[PlyCount "120"]
[EventDate "2021.08.19"]
[EventType "tourn"]
[EventRounds "9"]
[EventCountry "RUS"]
[SourceTitle "CBM 204 Extra"]
[Source "ChessBase"]
[SourceDate "2021.11.30"]
[SourceVersion "1"]
[SourceVersionDate "2021.11.30"]
[SourceQuality "1"]

1. e4 c6 2. d4 d5 3. exd5 cxd5 4. Bd3 Nc6 5. c3 Nf6 6. Bf4 g6 7. Nf3 Bg7 8. 0-0 0-0 9. Re1 Bf5 10. Ne5 Ne4 11. Nxc6 bxc6 12. Bxe4 Bxe4 13. Nd2 Bf5 14. Qa4 Qb6 15. Qa3 Rfe8 16. h3 Bf8 17. Qb3 e6 18. Nf3 c5 19. Ne5 Qxb3 20. axb3 cxd4 21. cxd4 Reb8 22. Re3 Rb7 23. Rc3 Bb4 24. Rcc1 f6 25. Nc6 g5 26. Bh2 Kf7 27. g4 Be4 28. Ra4 Bd2 29. Rca1 a5 30. b4 Rc8 31. Nxa5 Rxb4 32. Rxb4 Bxb4 33. Nb7 Rc2 34. Bd6 Rxb2 35. Bxb4 Rxb4 36. Nd8+ Kg6 37. Nxe6 Rb3 38. Kh2 Rf3 39. Ra2 h5 40. Nc5 Rf4 41. Ne6 Rf3 42. Nc5 Rc3 43. Re2 hxg4 44. hxg4 f5 45. gxf5+ Kxf5 46. Re3 Rc2 47. Kg3 g4 48. Nxe4 dxe4 49. Ra3 Rd2 50. Ra5+ Kf6 51. Kxg4 Rxf2 52. Re5 Re2 53. Kf4 e3 54. Rxe3 Rxe3 55. Kxe3 Ke6 56. Ke4 Kd6 57. d5 Ke7 58. Ke5 Kd7 59. d6 Kd8 60. Ke6 Ke8 1/2-1/2

[Event "Moscow Botvinnik Cup"]
[Site "Moscow"]
[Date "2021.08.20"]
[Round "3"]
[White "Sustov, Savva"]
[Black "Shamsuddin, Sayyid Usmon"]
[Result "0-1"]
[WhiteElo "1900"]
[BlackElo "1434"]
[PlyCount "94"]
[EventDate "2021.08.19"]
[EventType "tourn"]
[EventRounds "9"]
[EventCountry "RUS"]
[SourceTitle "CBM 204 Extra"]
[Source "ChessBase"]
[SourceDate "2021.11.30"]
[SourceVersion "1"]
[SourceVersionDate "2021.11.30"]
[SourceQuality "1"]

1. e4 c5 2. Nf3 Nc6 3. d4 cxd4 4. Nxd4 Nf6 5. Nc3 g6 6. Be3 Bg7 7. Bc4 0-0 8. Bb3 d6 9. f3 Bd7 10. Qd2 Rc8 11. g4 Ne5 12. h4 Nfxg4 13. fxg4 Bxg4 14. Qf2 Bh5 15. Nce2 Qa5+ 16. Bd2 Qb6 17. Rg1 Ng4 18. Rxg4 Bxg4 19. Bc3 Kh8 20. Qg3 f5 21. exf5 gxf5 22. Ne6 Bxc3+ 23. Nxc3 Rf6 24. Kd2 d5 25. Nf4 Qd4+ 26. Nd3 e6 27. Re1 Rg8 28. Qe5 Qxe5 29. Nxe5 f4 30. Nxg4 Rxg4 31. Nxd5 exd5 32. Bxd5 Rxh4 33. Bxb7 Rh2+ 34. Kd1 f3 35. Rf1 Rd6+ 36. Kc1 Rdd2 37. Be4 Rde2 38. Bd3 Re3 39. b4 Kg7 40. b5 Kf6 41. a4 Ke5 42. a5 Kd6 43. b6 a6 44. Bxa6 Kc6 45. Bd3 f2 46. Kd2 Re5 47. Rb1 f1Q+ 0-1